Statistics for Шампиони Формуле 1

Click here to take the quiz!

General Stats

  • This quiz has been taken 118 times
    (41 since last reset)
  • The average score is 16 of 34

Answer Stats

ГодинаНационалностШампион% Correct
1994, 1995, 2000, 2001, 2002, 2003, 2004НемачкаМихаел Шумахер
97%
2008, 2014, 2015, 2017, 2018, 2019, 2020УКЛуис Хамилтон
91%
2021ХоландијаМакс Верстапен
88%
2010, 2011, 2012, 2013НемачкаСебастијан Фетел
82%
2005, 2006ШпанијаФернандо Алонсо
82%
1988, 1990, 1991БразилАиртон Сена
79%
2007ФинскаКими Рејкенен
68%
1998, 1999ФинскаМика Хакинен
68%
1982ФинскаКеке Розберг
68%
2016НемачкаНико Розберг
65%
1975, 1977, 1984АустријаНики Лауда
59%
1951, 1954, 1955, 1956, 1957АргентинаХуан Мануел Фанђо
56%
1985, 1986, 1989, 1993ФранцускаАлен Прост
56%
2009УКЏенсон Батон
56%
1981, 1983, 1987БразилНелсон Пике
44%
1962, 1968УКГрејам Хил
44%
1996УКДејмон Хил
44%
1961САДФил Хил
44%
1997КанадаЖак Вилнев
38%
1972, 1974БразилЕмерсон Фитипалди
38%
1992УКНајџел Менсел
35%
1952, 1953ИталијаАлберто Аскари
32%
1950ИталијаЂузепе Фарина
32%
1980АустралијаАлан Џоунс
26%
1976УКЏејмс Хант
26%
1969, 1971, 1973УКЏеки Стјуарт
24%
1959, 1960, 1966АустралијаЏек Брабам
21%
1970АустријаЈохен Ринт
18%
1963, 1965УКЏим Кларк
18%
1978САДМарио Андрети
18%
1979Јужна АфрикаЏоди Шектер
18%
1967Нови ЗеландДени Хјум
15%
1964УКЏон Сертиз
12%
1958УКМајк Хоторн
9%

Score Distribution

Percentile by Number Answered

Percent of People with Each Score

Your Score History

You have not taken this quiz since the last reset